[Event "14PCR_PF03"]
[Site "?"]
[Date "2003.??.??"]
[Round "2.7"]
[White "Vladyka, Vaclav"]
[Black "Jarabinsky, Martin"]
[Result "1/2-1/2"]
[WhiteElo "2150"]
[BlackElo "2135"]
[PlyCount "110"]
[EventDate "2003.??.??"]
[EventType "tourn (corr)"]
[EventRounds "2"]
[SourceDate "2004.??.??"]

1. e4 c5 2. Nf3 d6 3. d4 cxd4 4. Nxd4 Nf6 5. Nc3 Nc6 6. Bg5 a6 7. Qd2 e6 8.
O-O-O h6 9. Be3 Nxd4 10. Bxd4 b5 11. f4 b4 12. Bxf6 Qxf6 13. Ne2 Rb8 14. Nd4
Rb6 15. Bc4 g6 16. Bb3 Bd7 17. e5 dxe5 18. fxe5 Qg5 19. Kb1 Qxd2 20. Rxd2 Bg7
21. Rhd1 Rb7 22. Nf3 Ke7 23. Bc4 a5 24. b3 Ra7 25. h4 Rc8 26. Re2 a4 27. Rd4
Ra5 28. Bd3 axb3 29. axb3 Rb8 30. Rc4 f5 31. exf6+ Bxf6 32. Nd4 g5 33. hxg5
hxg5 34. Kc1 Be5 35. Kd2 Bf4+ 36. Ke1 Kd6 37. Kf2 Rf8 38. g4 Raa8 39. Nf3 e5
40. Rxb4 Bxg4 41. Be4 Ra7 42. Rb6+ Kc7 43. Rc6+ Kd8 44. Rc5 Bh3 45. Rd5+ Rd7
46. Rxd7+ Kxd7 47. Re1 Kc7 48. Rd1 Bc8 49. Ne1 Bd2+ 50. Kg2 Bc3 51. Nd3 Rh8 52.
Nc1 Rh4 53. Ne2 Bb4 54. Ng3 Bh3+ 55. Kf2 Rf4+ 1/2-1/2

[Event "14PCR_PF03"]
[Site "?"]
[Date "2003.??.??"]
[Round "2.7"]
[White "Kuchtova, Ruzena"]
[Black "Kyzlink, Vladimir"]
[Result "1-0"]
[WhiteElo "2155"]
[BlackElo "2115"]
[PlyCount "75"]
[EventDate "2003.??.??"]
[EventType "tourn (corr)"]
[EventRounds "2"]
[SourceDate "2004.??.??"]

1. c4 e5 2. Nc3 Nf6 3. Nf3 Nc6 4. g3 g6 5. Bg2 Bg7 6. O-O O-O 7. d3 d6 8. Re1
h6 9. Bd2 Be6 10. Qb3 Rb8 11. Nd5 b5 12. Qc2 bxc4 13. dxc4 Bd7 14. e4 Re8 15.
Rab1 a5 16. a3 Ra8 17. b4 axb4 18. axb4 Bg4 19. b5 Na7 20. Ne3 Bxf3 21. Bxf3
Nc8 22. Nd5 Nb6 23. Be3 Nfd7 24. Ra1 Rxa1 25. Rxa1 Qb8 26. Be2 Qb7 27. Qd2 Kh7
28. Ra6 Ra8 29. Qa5 Rxa6 30. bxa6 Qa7 31. Bg4 Nc5 32. Bxc5 dxc5 33. Qb5 h5 34.
Nxb6 cxb6 35. Bc8 Qa8 36. Qd7 Qxe4 37. Qxf7 h4 38. a7 1-0

[Event "14PCR_PF03"]
[Site "?"]
[Date "2003.??.??"]
[Round "2.7"]
[White "Hladecek, Miroslav"]
[Black "Dbaly, Vaclav"]
[Result "1-0"]
[WhiteElo "2240"]
[BlackElo "2015"]
[PlyCount "54"]
[EventDate "2003.??.??"]
[EventType "tourn (corr)"]
[EventRounds "2"]
[SourceDate "2004.??.??"]

1. e4 d6 2. d4 Nf6 3. Nc3 g6 4. Bf4 Bg7 5. Qd2 Nc6 6. O-O-O O-O 7. h3 b6 8. Qe3
e6 9. Bh6 d5 10. Bxg7 Kxg7 11. e5 Ng8 12. h4 f5 13. h5 g5 14. h6+ Kh8 15. Nh3
g4 16. Nf4 Na5 17. f3 Ne7 18. Be2 Nb7 19. fxg4 c5 20. g5 Rg8 21. dxc5 bxc5 22.
Ncxd5 Nxd5 23. Rxd5 exd5 24. e6 Qd6 25. Nxd5 Rg6 26. Qc3+ Kg8 27. Rd1 Bxe6 1-0